More tales from Shakespeare (Record no. 35513)
[ view plain ]
| 000 -LEADER | |
|---|---|
| fixed length control field | 00277nam a2200109Ia 4500 |
| 082 ## - DEWEY DECIMAL CLASSIFICATION NUMBER | |
| Classification number | 82-3 |
| Item number | MOR |
| 245 #0 - TITLE STATEMENT | |
| Title | More tales from Shakespeare |
| 260 ## - PUBLICATION, DISTRIBUTION, ETC. (IMPRINT) | |
| Place of publication | S Chand |
| 490 ## - SERIES STATEMENT | |
| Series statement | Great Stories in Easy English S E Paces |
| 942 ## - ADDED ENTRY ELEMENTS (KOHA) | |
| Koha item type | Books |
| Withdrawn status | Lost status | Damaged status | Not for loan | Home library | Current library | Date acquired | Full call number | Accession Number | Koha item type |
|---|---|---|---|---|---|---|---|---|---|
| Write off | RRII Library | RRII Library | 16/12/2021 | 82-3 MOR | 15937 | Books |